000 00460nam a2200169Ia 4500
999 _c21068
_d21068
003 OSt
005 20201208144051.0
008 190216s9999||||xx |||||||||||||| ||und||
040 _coclc
082 _a560
_bYAD/P
100 _aYadav, P R
_97302
245 0 _aPrehistoric Life /
_cP R Yadav
260 _bDiscovery Publishing House,
_aDelhi:
_c2004.
300 _a379p
650 _aHistory
942 _cBK
_2ddc
_h560
_iYAD/P
_k560
_mYAD/P